60 Second Blitz: MLB Teams Quiz Stats

 Plays Quiz Updated Oct 24, 2018

Score 0/30 Timer 01:00
8 Plays Today
Team Name % Correct
New York Yankees
92.1%
Cincinnati Reds
89.9%
Boston Red Sox
89.6%
Chicago White Sox
84.1%
Oakland Athletics
81%
New York Mets
78.4%
Tampa Bay Rays
73.2%
Chicago Cubs
72.9%
Miami Marlins
70.8%
Los Angeles Dodgers
70%
San Francisco Giants
68.9%
Toronto Blue Jays
67%
Los Angeles Angels
66.9%
Atlanta Braves
65.9%
Texas Rangers
65.6%
Team Name % Correct
St. Louis Cardinals
65.5%
Baltimore Orioles
65.1%
Philadelphia Phillies
64.6%
Seattle Mariners
64.5%
Houston Astros
64%
Washington Nationals
59.9%
San Diego Padres
59.8%
Minnesota Twins
59.6%
Pittsburgh Pirates
58.4%
Detroit Tigers
58.1%
Milwaukee Brewers
57.2%
Cleveland Indians
56.2%
Kansas City Royals
55.7%
Arizona Diamondbacks
55.2%
Colorado Rockies
53.7%

You're not logged in!

Compare scores with friends on all Sporcle quizzes.
OR
Log In

Sporcle TV

Today on Sporcle TV


Watch our educational content, quiz creation guides, and fun videos on Sporcle TV.

Show Comments

Extras

Top Quizzes Today


Score Distribution

Your Account Isn't Verified!

In order to create a playlist on Sporcle, you need to verify the email address you used during registration. Go to your Sporcle Settings to finish the process.

Report this User

Report this user for behavior that violates our Community Guidelines.

Details: